000
00425nam a2200133Ia 4500
008
100328s9999 xx 000 0 und d
082
_b
50512
100
_a
दिक्षित द.ना.
245
_a
अलौकिक श्रीधर
260
_b
प्रकाश देशपांडे
630
_a
अलौकिक श्रीधर
730
_a
अलौकिक श्रीधर
942
_c
BOOK
999
_c
537634
_d
537631